|
|
|
|
| LEADER |
01144Cam#a22003135a#4500 |
| 001 |
026048 |
| 005 |
20160721161837.0 |
| 008 |
140409s2006||||ag bo ### s000|0#spa#d |
| 020 |
|
|
|a 9871037481
|
| 040 |
|
|
|a AR-BeUNQ
|b spa
|
| 044 |
|
|
|a ag
|
| 082 |
0 |
4 |
|a 918.211
|2 21
|
| 245 |
0 |
0 |
|a Guía :
|b Patrimonio cultural de Buenos Aires.
|c Dirección de Patrimonio e Instituto Histórico de la Ciudad de Buenos Aires.
|n 4,
|p Arte metalúrgico francés
|
| 260 |
|
|
|a Buenos Aires :
|b DGPeIH,
|c 2006.
|
| 300 |
|
|
|a 173 p. :
|b fot. col. ;
|c 23 cm +
|e 1 mapa
|
| 504 |
|
|
|a Bibliografía: p. 172.
|
| 525 |
|
|
|a Incluye plano con referencias del patrimonio cultural de Buenos Aires.
|
| 650 |
|
7 |
|a Guía
|2 toit
|
| 650 |
|
7 |
|a Materiales de referencia
|2 spines
|
| 650 |
|
7 |
|a Turismo
|2 toit
|
| 650 |
|
7 |
|a Atracción turística
|2 toit
|
| 650 |
|
7 |
|a Patrimonio cultural
|2 spines
|
| 650 |
|
7 |
|a Escultura
|2 spines
|
| 650 |
|
7 |
|a Arte
|2 toit
|
| 653 |
|
|
|a Monumentos
|
| 710 |
1 |
|
|a Buenos Aires (ciudad).
|b Dirección General de Patrimonio e Instituto Histórico.
|
| 929 |
|
|
|a DONACION
|b Marcelo Cosnard
|d 0
|e 20110210
|f PAT0037176
|g 1723
|j 51168
|
| 942 |
|
|
|c LIB
|n 0
|
| 999 |
|
|
|c 23970
|d 99357
|